เปลี่ยนเป็นภาษาไทย

Change to English
 แสดงรายละเอียดบรรณานุกรม
  กลับหน้าหลัก

Brief Record : Get Marc (ISO 2709) : E-mail record : QR code < ปิดหน้าต่าง
mysqli: Table './ulib62015/stat_globaluid' is marked as crashed and should be repaired
select id from stat_globaluid where statuid='20260518005041_3491' 
mysqli: Table './ulib62015/stat_globaluid' is marked as crashed and should be repaired
DELETE FROM stat_globaluid
			WHERE id NOT IN (
			  SELECT id
			  FROM (
				SELECT id
				FROM stat_globaluid
				ORDER BY id DESC
				LIMIT 100
			  ) foo
			); 
mysqli: Table './ulib62015/stat_globaluid' is marked as crashed and should be repaired
insert into stat_globaluid set
		statuid='20260518005041_3491',
		dt='1779040241',
		phpself='/ULIB62015/dublinfull.php',
		agent='Mozilla/5.0 AppleWebKit/537.36 (KHTML, like Gecko; compatible; ClaudeBot/1.0; +claudebot@anthropic.com)',
		yea='2026',
		mon='5',
		dat='18',
		ip='216.73.216.45'
		
		
mysqli: Table './ulib62015/stathist_viewbib_bib_type' is marked as crashed and should be repaired
insert into stathist_viewbib_bib_type set 
		dat='18' ,
		 mon='05' ,
		  yea='2026' ,
			 statuid='20260518005041_3491' ,
			 head='23484' ,
			 foot='marc' ,
			 dt='1779040241' 
		
LEADER : 01174nam 2200277 a 4500
008    030417s2004 caua sb 001 0 eng
050    ^a400
060    ^aก726ก
082    ^aQY
100    ^aกุลนารี สิริสาลี
245    ^aการเจาะเลือด : ผลกระทบต่อคุณภาพงานบริการทางห้องปฏิบัติการชันสูตรโรค
913    ^aImported by ULIBM Administrator
949    ^aImport form external file by ULIBM system
รายการนี้ยังไม่มีแท็ก
คุณยังไม่ได้ล็อกอิน คุณสามารถมีกิจกรรมร่วมกับเว็บไซต์ได้ แต่ต้องล็อกอินก่อน ::
  ล็อกอิน
  One Stop Service : ศูนย์ให้บริการแบบเบ็ดเสร็จ   จัดการหนังสือโปรด   แจ้งรายการบรรณานุกรมผิดพลาด
ไม่มีไอเทมให้บริการ
ไม่มีไอเทมให้บริการ
รายการใกล้เคียง
    ชื่อเรื่อง [การเจาะเลือด : ผลกระทบต่อคุณภาพงานบริการทางห้องปฏิบัติการชันสูตรโรค]

    ผู้แต่ง [กุลนารี สิริสาลี]

BibComment


ยังไม่เคยถูกคอมเมนท์

คอมเมนท์ทรัพยากรรายการนี้
  คอมเมนท์: การเจาะเลือด ผล..
Bib 23484

 
 
 

 Union Library Management : ULibM
Copyright 2026. All Rights Reserved.